000 00756nam a2200181 a 4500
008 101103s2009 ||||||||||||||||| || u
020 _a9780199235278
050 _aHD 75 Ind
100 _aCimoli, Mario
245 1 0 _aIndustrial policy and development: the political economy of capabilities accumulation
_cedited by Mario Cimoli; Glovanni Dosi; Joseph E. Stiglitz
260 _aNew York:
_bOxford University Press
_c2009
300 _axix, 575p.: ill.
350 _a0.00
650 0 _aECONOMIC DEVELOPMENT--AFRICA, SUB-SAHARAN
650 0 _aECONOMIC POLICY
650 0 _aECONOMICS
995 _D0.00
_FCBU-MAIN LIBRARY (Kitwe)
_H1
_I0.00
_M1
_UAVAILABLE
_WNov 26, 2010
_ZMain Library Open Access Collection
999 _c46748
_d46748